| 000 | 01369nam a22004097a 4500 | ||
|---|---|---|---|
| 003 | CHAP | ||
| 005 | 20220329140851.0 | ||
| 008 | 971013s1994 r 00010 d | ||
| 010 | _a58941 | ||
| 011 | _a59913 | ||
| 035 | _a64073 | ||
| 040 | _cCHAP | ||
| 082 |
_a574.82 _bD5 1994 |
||
| 100 | 0 | 0 |
_aDixon, Richard A. _eed. _933063 |
| 245 |
_aPlant cell culture _b: a practical approach |
||
| 250 | _a2 ed. | ||
| 260 |
_aOxford : _bOxford University Press, _c1994 |
||
| 300 |
_a230 p. _b: ilus. |
||
| 490 |
_aThe practical approach series _v; 145 |
||
| 590 |
_aBATCH-UPD _b10 _c20130110 _lUCH01 _h0057 |
||
| 590 |
_aBATCH-UPD _b10 _c20130110 _lUCH01 _h0818 |
||
| 590 |
_aBATCH-UPD _b10 _c20130409 _lUCH01 _h2046 |
||
| 590 |
_aBATCH-UPD _b10 _c20130410 _lUCH01 _h0455 |
||
| 590 |
_aBATCH-UPD _b10 _c20130914 _lUCH01 _h1107 |
||
| 590 |
_aCONVERSION _b10 _c20130109 _lUCH01 _h1332 |
||
| 650 | 1 | 4 |
_aCriopreservación. _928937 |
| 650 | 1 | 4 |
_aCultivo de tejidos. _930213 |
| 650 | 1 | 4 |
_aMicropropagación. _975532 |
| 650 | 1 | 4 |
_aPlantas _xEmbriología. _988825 |
| 650 | 1 | 4 |
_aPropagación de plantas. _992417 |
| 650 | 1 | 4 |
_aProtoplasma. _992466 |
| 700 | 0 |
_aGonzales, Robert A. _eed. _948639 |
|
| 830 | 0 |
_aThe practical approach series _v; 145 _9112700 |
|
| 901 | _aBK | ||
| 942 | _cLIBRO | ||
| 949 |
_a574.82 D5 1994 _bBC _cLIBRO _d33724000083994 _eLIBRO _gI. 181185 _h90085 _i64073 _so _t384.00 |
||
| 999 |
_c58941 _d58941 |
||